MATCH XI NO.7 - Statistics

General Stats
  • This quiz has been taken 7 times
  • The average score is 18 of 24
Answer Stats
Position France % Correct
RW Antoine Griezmann
100%
MNGR Didier Deschamps
100%
GK Hugo Lloris
100%
RM Joshua Kimmich
100%
GK Manuel Neuer
100%
CB Mats Hummels
100%
ST Serge Gnabry
100%
AM Thomas Muller
100%
CB Antonio Rudiger
83%
RB Benjamin Pavard
83%
LW Kylian Mbappe
83%
LB Lucas Hernandez
83%
CM N'Golo Kante
83%
CM Paul Pogba
83%
CB Raphael Varane
83%
CM Ilkay Gundogan
67%
MNGR Joachim Low
67%
ST Karim Benzema
67%
CM Adrien Rabiot
50%
AM Kai Havertz
50%
CM Toni Kroos
50%
CB Matthias Ginter
33%
CB Presnel Kimpembe
33%
LM Robin Gosens
33%
No matching quizzes found
Score Distribution
Percent of People with Each Score
Percentile by Number Answered
Your Score History
You have not taken this quiz